|
|
|
|
| LEADER |
00948nam a2200265 4500 |
| 001 |
DLU210196127 |
| 005 |
##20210419 |
| 040 |
# |
# |
|a DLU
|b vie
|
| 041 |
# |
# |
|a vie
|
| 044 |
# |
# |
|a vn
|
| 100 |
# |
# |
|a Bùi Duy Dương.
|
| 245 |
# |
# |
|a Cụ thể hóa giảng dạy tiếng Việt cho người nước ngoài theo "Khung năng lực tiếng Việt cho người nước ngoài" /
|c Bùi Duy Dương.
|
| 653 |
# |
# |
|a Giảng dạy tiếng Việt
|
| 653 |
# |
# |
|a Khung năng lực
|
| 653 |
# |
# |
|a Người nước ngoài
|
| 773 |
# |
# |
|t Tạp chí Ngôn ngữ và đời sống
|g Số 11, 2018, tr. 37-42
|
| 920 |
# |
# |
|a Phòng Tạp chí -- Trung tâm Thông tin - Thư viện Trường Đại học Đà Lạt
|
| 994 |
# |
# |
|a DLU
|
| 900 |
# |
# |
|a True
|
| 911 |
# |
# |
|a Trần Thị Minh Hương
|
| 925 |
# |
# |
|a G
|
| 926 |
# |
# |
|a A
|
| 927 |
# |
# |
|a BB
|
| 980 |
# |
# |
|a Thư viện Trường Đại học Đà Lạt
|